00421nam a2200169Ia 4500003000400000005001700004008004100021020001800062040000700080041000800087082001500095100002500110245005100135260003500186300001600221365001400237OSt20220617112635.0210423s1995 xx 000 0 und d a9780127309453 cAL aeng a547.2 WAKB aWAKEFIELD (Basil J). aOrganomagnesium methods in organic synthesis . aNew YorkbAcademic Pressc1995 axvi,249bHB b5900cINR